|
|
|
|
| LEADER |
01179nam a2200289 a 4500 |
| 001 |
014760159 |
| 008 |
100706s2009 xxua b 001 0 eng d |
| 020 |
|
|
|a 9788126519781
|
| 020 |
|
|
|a 9780470178454 (pbk.) :
|c Đ27.99
|
| 020 |
|
|
|a 0470178450 (pbk.) :
|c Đ27.99
|
| 040 |
|
|
|a StDuBDS
|b eng
|c StDuBDS
|d Uk
|d DB-DhAAL
|
| 082 |
|
|
|a 005.74
|2 22
|
| 100 |
1 |
|
|a Silverston, Len,
|d 1958-
|
| 245 |
1 |
4 |
|a The data model resource book.
|n Vol. 3,
|p Universal patterns for data modeling /
|c Len Silverston, Paul Agnew.
|
| 246 |
3 |
0 |
|a Universal patterns for data modeling
|
| 260 |
|
|
|a Indianapolis, Ind. ;
|a New Delhi :
|b Wiley India,
|c 2009.[reprinted]
|
| 300 |
|
|
|a xxxii, 606 p. :
|b ill. ;
|c 24 cm.
|
| 504 |
|
|
|a Includes bibliographical references and index.
|
| 541 |
1 |
|
|e 00020592
|
| 500 |
|
|
|a Formerly CIP.
|5 Uk
|
| 650 |
|
0 |
|a Database design.
|
| 650 |
|
0 |
|a Data warehousing.
|
| 650 |
|
0 |
|a Management information systems.
|
| 700 |
1 |
|
|a Agnew, Paul
|
| 852 |
4 |
|
|a Ayesha Abed Library
|j General Shelf.
|
| 999 |
|
|
|c 9185
|d 9185
|
| 952 |
|
|
|0 0
|1 0
|2 ddc
|4 0
|6 005_740000000000000_SIL_2009
|7 0
|9 11577
|a BRACUL
|b BRACUL
|c GEN
|d 2010-07-07
|g 836.60
|l 0
|o 005.74 SIL
|p 3010020592
|r 2010-07-07
|t 1
|w 2010-07-07
|y BK
|